000 00628nam a2200157 a 4500
008 120416s1967 ||||||||||||||||| || u
050 _aDT 31 Pat
245 0 0 _aPatterns of African development: five comparisons
_cedited by Herbert J. Spiro
260 _aEnglewood Cliffs, N.J.:
_bFT Prentice-Hall
_c1967
300 _a114p.
350 _a0.00
650 7 _aAFRICA
_2fast
650 _aDEVELOPMENT--AFRICA
650 _aAFRICA--ECONOMIC ASPECTS--DEVELOPMENT
995 _D0.00
_FCBU-MAIN LIBRARY (Kitwe)
_H1
_I10.00
_M1
_UAVAILABLE
_WAug 2, 2006
_ZMain Library Open Access Collection
999 _c53215
_d53215